00829nam a2200277Ia 4500008004100000020001800041050001500059050001400074100002300088245002800111245003400139245002300173260001700196260002100213260000900234300001600243300002000259300001100279500002000290650001500310650003700325650004600362650001200408999001900420952011200439160319s9999 xx 000 0 und d a971-584-416-2 aFIL RA 778 b.R86 2005 aRummel, Dietmar J. aBotanical beauty book : bcompendium of cosmetic uses / cDietmer J. Rummel. aQuezon City: bC & E Pub. Inc., c2005 a433 pages : billustrations ; c25 cm. aIncludes index. aCosmetics. aHerbal cosmetics -- Philippines. xHerbs -- Therapeutic use -- Philippines.  xPlants. c291954d291954 001040aSMCbSMCcFILd2006-06-20l0oFIL RA 778 .R86 2005pSMC03289r2016-03-19 00:00:00w2016-03-19yBK